<?xml version="1.0" encoding="UTF-8"?><?xml-stylesheet type="text/xsl" href="static/style.xsl"?><OAI-PMH xmlns="http://www.openarchives.org/OAI/2.0/" xmlns:xsi="http://www.w3.org/2001/XMLSchema-instance" xsi:schemaLocation="http://www.openarchives.org/OAI/2.0/ http://www.openarchives.org/OAI/2.0/OAI-PMH.xsd"><responseDate>2026-04-13T19:55:38Z</responseDate><request verb="GetRecord" identifier="oai:www.recercat.cat:2099.1/5495" metadataPrefix="marc">https://recercat.cat/oai/request</request><GetRecord><record><header><identifier>oai:recercat.cat:2099.1/5495</identifier><datestamp>2025-07-22T22:39:24Z</datestamp><setSpec>com_2072_1033</setSpec><setSpec>col_2072_452951</setSpec></header><metadata><record xmlns="http://www.loc.gov/MARC21/slim" xmlns:dcterms="http://purl.org/dc/terms/" xmlns:xsi="http://www.w3.org/2001/XMLSchema-instance" xmlns:doc="http://www.lyncode.com/xoai" xsi:schemaLocation="http://www.loc.gov/MARC21/slim http://www.loc.gov/standards/marcxml/schema/MARC21slim.xsd">
   <leader>00925njm 22002777a 4500</leader>
   <datafield ind2=" " ind1=" " tag="042">
      <subfield code="a">dc</subfield>
   </datafield>
   <datafield ind2=" " ind1=" " tag="720">
      <subfield code="a">Gallego Latorre, Maria Irene</subfield>
      <subfield code="e">author</subfield>
   </datafield>
   <datafield ind2=" " ind1=" " tag="260">
      <subfield code="c">2008-06-27</subfield>
   </datafield>
   <datafield ind2=" " ind1=" " tag="520">
      <subfield code="a">En este proyecto se ha estudiado la posibilidad de extraer&#xd;
boro en forma de ácido bórico mediante extractantes&#xd;
neutros. En primer lugar se han realizado los experimentos&#xd;
de extracción líquido-líquido y después se han realizado&#xd;
pruebas de extracción mediante membranas planas soportadas.&#xd;
Las pruebas de extracción líquido-líquido han permitido&#xd;
estudiar el comportamiento del boro ante diferentes&#xd;
extractantes neutros (2,2,4-Trimethyl-1,3-pentanodiol , 2-&#xd;
Butyl-2-ethyl-1,3-propanodiol, 2-Ethyl-1,3-hezanodiol y 2-&#xd;
Methyl-2,4-pentanodiol , se ha variado su concentración y&#xd;
se han utilizado diferentes disolventes orgánicos y&#xd;
diferentes modificadores de fase a distintas&#xd;
concentraciones.&#xd;
En este mismo sentido, también se han variado las&#xd;
condiciones de la fase acuosa para poder observar la&#xd;
influencia del pH y la concentración de boro en el proceso&#xd;
de extracción.&#xd;
Una vez seleccionado el extractante y las condiciones&#xd;
óptimas a las que más eficacia de separación de boro se ha&#xd;
obtenido, se aplican éstas en membranas planas líquidas&#xd;
soportadas como mejora al proceso de extracción líquidolíquido.&#xd;
Las pruebas preliminares realizadas han consistido en&#xd;
evaluar la permeabilidad del boro a través de la membrana&#xd;
para diferentes concentraciones de extractante.&#xd;
Con los datos experimentales obtenidos durante las pruebas&#xd;
de extracción líquido-líquido, se ha modelizado la cinética&#xd;
de extracción, determinando así la relación estequiométrica&#xd;
del ácido bórico-extractante y la constante de extracción.</subfield>
   </datafield>
   <datafield tag="653" ind2=" " ind1=" ">
      <subfield code="a">Àrees temàtiques de la UPC::Enginyeria química::Química analítica</subfield>
   </datafield>
   <datafield tag="653" ind2=" " ind1=" ">
      <subfield code="a">Chemistry, Analytic</subfield>
   </datafield>
   <datafield tag="653" ind2=" " ind1=" ">
      <subfield code="a">Extraction (Chemistry)</subfield>
   </datafield>
   <datafield tag="653" ind2=" " ind1=" ">
      <subfield code="a">Extracció líquid-líquid</subfield>
   </datafield>
   <datafield tag="653" ind2=" " ind1=" ">
      <subfield code="a">Bor</subfield>
   </datafield>
   <datafield tag="653" ind2=" " ind1=" ">
      <subfield code="a">BEPD</subfield>
   </datafield>
   <datafield tag="653" ind2=" " ind1=" ">
      <subfield code="a">Stripping</subfield>
   </datafield>
   <datafield tag="653" ind2=" " ind1=" ">
      <subfield code="a">Isoterma</subfield>
   </datafield>
   <datafield tag="653" ind2=" " ind1=" ">
      <subfield code="a">Membrana líquida suportada</subfield>
   </datafield>
   <datafield tag="653" ind2=" " ind1=" ">
      <subfield code="a">Permeabilitat</subfield>
   </datafield>
   <datafield tag="653" ind2=" " ind1=" ">
      <subfield code="a">Constant d'extracció</subfield>
   </datafield>
   <datafield tag="653" ind2=" " ind1=" ">
      <subfield code="a">Química analítica</subfield>
   </datafield>
   <datafield tag="653" ind2=" " ind1=" ">
      <subfield code="a">Extracció (Química)</subfield>
   </datafield>
   <datafield ind2="0" ind1="0" tag="245">
      <subfield code="a">Recuperación de boro mediante extracción y procesos de membrana</subfield>
   </datafield>
</record></metadata></record></GetRecord></OAI-PMH>